000 00899nam a2200193Ia 4500
003 IN-BaIIA
008 211028s9999 xx 000 0 eng d
040 _cIIA Library
080 _a52-77
_bLOW
100 _aErickson, W. C.
_915620
111 _aWorkshop on Low Frequency Radio Astronomy
_cNational Radio Astronomy Observatory, Green Bank, West Virginia
_d1984 Nov. 16-17
_915621
245 0 _aLow frequency radio astronomy
_bproceedings of a workshop on low frequency radio astronomy, held in National Radio Astronomy Observatory, Green Bank, West Virginia, november 16-17,1984
_cW. C. Erickson and edited by H. V. Cane
260 _aGreen Bank
_bNational Radio Astronomy Observatory
_c1986
300 _av, 115p.
490 _aNRAO Workshop no.10
650 _aAstronomy and astrophysics thesaurus
650 _aRadio astronomy
_92849
942 _cBK
999 _c9286
_d9286